[Event "Polanica Zdroj op-C 52nd"]
[Site "Polanica Zdroj"]
[Date "2016.08.28"]
[Round "3"]
[White "Milanowski, Jan"]
[Black "Milecki, Robert"]
[Result "1-0"]
[WhiteElo "1843"]
[BlackElo "1584"]
[PlyCount "63"]
[EventDate "2016.08.20"]
[EventType "swiss"]
[EventRounds "9"]
[EventCountry "POL"]
[SourceTitle "CBM 174 Extra"]
[Source "ChessBase"]
[SourceDate "2016.10.10"]
[SourceVersion "1"]
[SourceVersionDate "2016.10.10"]
[SourceQuality "1"]

1. e4 e5 2. Nf3 Nc6 3. Bc4 Bc5 4. 0-0 Nf6 5. d3 d6 6. c3 h6 7. b4 Bb6 8. a4 a6 9. Qe2 0-0 10. h3 Qe7 11. Nbd2 Be6 12. Bxe6 fxe6 13. Nc4 Ba7 14. Nh4 Qf7 15. Be3 Ne7 16. b5 Bxe3 17. Qxe3 axb5 18. axb5 b6 19. d4 exd4 20. cxd4 Rxa1 21. Rxa1 Nxe4 22. Qxe4 Qxf2+ 23. Kh1 d5 24. Qxe6+ Kh7 25. Qxe7 dxc4 26. Qe4+ Kg8 27. Ng6 Rd8 28. Ra8 Rxa8 29. Qxa8+ Kh7 30. Qe4 c3 31. Ne7+ Kh8 32. Qa8+ 1-0

[Event "POL-chT4 Kujawsko-Pomorskie 1516"]
[Site "Poland"]
[Date "2016.03.13"]
[Round "9"]
[White "Milecki, Robert"]
[Black "Luchowski, Ferdynand"]
[Result "1-0"]
[WhiteElo "1539"]
[BlackElo "1657"]
[PlyCount "135"]
[EventDate "2015.11.08"]
[EventType "team-tourn"]
[EventRounds "11"]
[EventCountry "POL"]
[SourceTitle "EXT 2019"]
[Source "ChessBase"]
[SourceDate "2018.10.10"]
[SourceVersion "1"]
[SourceVersionDate "2018.10.10"]
[SourceQuality "1"]

1. e4 e6 2. d4 d6 3. Nf3 a6 4. Bd3 Nd7 5. 0-0 Ngf6 6. h3 Be7 7. Be3 e5 8. c3 0-0 9. Nbd2 b5 10. a4 bxa4 11. Rxa4 Bb7 12. Qc2 h6 13. Rfa1 Qc8 14. Nc4 exd4 15. cxd4 Nb6 16. Nxb6 cxb6 17. Qxc8 Rfxc8 18. Bxa6 Bxa6 19. Rxa6 Rxa6 20. Rxa6 Nxe4 21. Rxb6 Rc2 22. Rb8+ Kh7 23. b4 Rb2 24. Re8 Rb1+ 25. Kh2 Bf6 26. Rxe4 Rxb4 27. h4 g6 28. Kh3 Kg7 29. Re8 Rb5 30. g4 Rb7 31. Nd2 d5 32. Nf3 Be7 33. Ra8 Bf6 34. Ra5 Rd7 35. Ra6 Rd8 36. Bxh6+ Kxh6 37. Rxf6 Kg7 38. g5 Rd7 39. Ne5 Rb7 40. Kg3 Ra7 41. f3 Rb7 42. Rd6 Ra7 43. Rxd5 f6 44. Rd7+ Rxd7 45. Nxd7 fxg5 46. hxg5 Kf7 47. Ne5+ Ke6 48. Nxg6 Kf5 49. f4 Kxg6 50. Kg4 Kf7 51. f5 Kg8 52. Kh5 Kh7 53. d5 Kg7 54. d6 Kf7 55. Kh6 Kf8 56. f6 Ke8 57. Kg7 Kd7 58. f7 Kxd6 59. f8Q+ Ke6 60. Qf4 Kd5 61. Kh6 Kc5 62. g6 Kc6 63. Qe5 Kb6 64. g7 Kc6 65. g8Q Kd7 66. Qf6 Kc7 67. Qgg7+ Kc8 68. Qff8# 1-0

[Event "Wloclawek CC Classic 17th"]
[Site "Wloclawek"]
[Date "2016.??.??"]
[Round "2"]
[White "Budnik, Mateusz"]
[Black "Milecki, Robert"]
[Result "1-0"]
[WhiteElo "2040"]
[BlackElo "1579"]
[PlyCount "61"]
[EventDate "2016.06.??"]
[EventType "swiss"]
[EventRounds "7"]
[EventCountry "POL"]
[SourceTitle "EXT 2021"]
[Source "ChessBase"]
[SourceDate "2020.10.23"]
[SourceVersion "1"]
[SourceVersionDate "2020.10.23"]
[SourceQuality "1"]

1. e4 e5 2. Nf3 Nc6 3. Bb5 a6 4. Ba4 Nf6 5. d3 b5 6. Bb3 Be7 7. 0-0 d6 8. c3 Na5 9. Bc2 c5 10. Re1 0-0 11. h3 Nc6 12. Nbd2 Bd7 13. Nf1 a5 14. Ng3 Qc8 15. Be3 a4 16. a3 b4 17. axb4 cxb4 18. Rxa4 Rxa4 19. Bxa4 Qa6 20. c4 Ra8 21. b3 Nd8 22. Bxd7 Nxd7 23. d4 exd4 24. Nxd4 Bf6 25. Ngf5 Nc5 26. Nb5 Nxe4 27. Nc7 Nc3 28. Qd3 Qb7 29. Nxa8 Qxa8 30. Bd4 Bxd4 31. Re8# 1-0

[Event "Wloclawek CC Classic 17th"]
[Site "Wloclawek"]
[Date "2016.??.??"]
[Round "7"]
[White "Garbowski, Jerzy"]
[Black "Milecki, Robert"]
[Result "0-1"]
[WhiteElo "1685"]
[BlackElo "1579"]
[PlyCount "138"]
[EventDate "2016.06.??"]
[EventType "swiss"]
[EventRounds "7"]
[EventCountry "POL"]
[SourceTitle "EXT 2021"]
[Source "ChessBase"]
[SourceDate "2020.10.23"]
[SourceVersion "1"]
[SourceVersionDate "2020.10.23"]
[SourceQuality "1"]

1. e4 b6 2. d4 Bb7 3. Bd3 e6 4. Nf3 c5 5. c3 Nf6 6. Qe2 Be7 7. Nbd2 cxd4 8. cxd4 d6 9. 0-0 0-0 10. a3 Nc6 11. e5 dxe5 12. dxe5 Nd5 13. Ne4 Rc8 14. Rd1 Qc7 15. Ng3 Rfd8 16. Qe4 g6 17. Bh6 Na5 18. Rac1 Qb8 19. b4 Nc3 20. Qf4 Bxf3 21. gxf3 Nxd1 22. Rxd1 Nc6 23. b5 Nxe5 24. Be2 Rxd1+ 25. Bxd1 Rc4 26. Qe3 Qc7 27. Kg2 Rc3 28. Qe1 Nd3 29. Qd2 Rxa3 30. Be2 Qc3 31. Qxc3 Rxc3 32. Ne4 Ra3 33. Bd2 Nc5 34. Bh6 Nxe4 35. fxe4 f6 36. Bf4 e5 37. Bg3 Bd6 38. Bc4+ Kg7 39. h3 Rc3 40. Be6 Rc5 41. Bd7 Kf7 42. Kf3 Ke7 43. Bc6 Rxc6 44. bxc6 a5 45. Ke3 Kd8 46. Kd3 b5 47. f3 Kc7 48. Be1 a4 49. Bh4 g5 50. Bf2 Kxc6 51. Kc3 b4+ 52. Kc4 a3 53. Kb3 Kd7 54. Bb6 Be7 55. Be3 Kc6 56. Bd2 Bc5 57. Be1 Kd6 58. Bg3 Ke6 59. Be1 Kf7 60. Bg3 Kg6 61. Be1 f5 62. Bg3 fxe4 63. fxe4 Bd6 64. Be1 h5 65. Bg3 h4 66. Be1 Be7 67. Bf2 Kh5 68. Bg1 g4 69. Bh2 Bd6 0-1

[Event "Wloclawek-ch"]
[Site "Wloclawek"]
[Date "2015.??.??"]
[Round "1"]
[White "Grochowalski, Pawel"]
[Black "Milecki, Robert"]
[Result "1-0"]
[WhiteElo "2147"]
[BlackElo "1539"]
[PlyCount "81"]
[EventDate "2015.09.??"]
[EventType "swiss"]
[EventRounds "9"]
[EventCountry "POL"]
[SourceTitle "EXT 2021"]
[Source "ChessBase"]
[SourceDate "2020.10.23"]
[SourceVersion "1"]
[SourceVersionDate "2020.10.23"]
[SourceQuality "1"]

1. Nf3 Nf6 2. g3 b6 3. Bg2 Bb7 4. 0-0 e6 5. b3 Be7 6. Bb2 0-0 7. c4 d5 8. d3 Nbd7 9. Nbd2 c5 10. Qc2 Rc8 11. e4 Qc7 12. Rfe1 d4 13. a3 e5 14. Reb1 a5 15. Bc1 Ra8 16. Nf1 Nh5 17. Qe2 Bc8 18. Nxd4 Nxg3 19. Nxg3 cxd4 20. Bd2 Nc5 21. b4 axb4 22. axb4 Rxa1 23. Rxa1 Nb3 24. Rb1 Nxd2 25. Qxd2 Bd7 26. Nf5 Bxf5 27. exf5 Qd7 28. Be4 h6 29. Qe2 Qa4 30. b5 Rd8 31. Qh5 Bf6 32. Qd1 Qa7 33. Ra1 Qc7 34. Ra6 Be7 35. Qh5 Bc5 36. f6 gxf6 37. Qxh6 Qd6 38. Bh7+ Kh8 39. Bg6+ Kg8 40. Qh7+ Kf8 41. Qxf7# 1-0

[Event "Wloclawek CC Classic 13th"]
[Site "Wloclawek"]
[Date "2015.??.??"]
[Round "4"]
[White "Kaczynski, Maciej"]
[Black "Milecki, Robert"]
[Result "1/2-1/2"]
[WhiteElo "1614"]
[BlackElo "1466"]
[PlyCount "221"]
[EventDate "2015.04.??"]
[EventType "swiss"]
[EventRounds "7"]
[EventCountry "POL"]
[SourceTitle "EXT 2021"]
[Source "ChessBase"]
[SourceDate "2020.10.23"]
[SourceVersion "1"]
[SourceVersionDate "2020.10.23"]
[SourceQuality "1"]

1. e4 e5 2. c4 Nf6 3. Nc3 Bc5 4. f4 d6 5. f5 Nc6 6. d3 h6 7. Be2 Nd4 8. a3 a5 9. Rb1 Ba7 10. Bd2 c6 11. Nh3 Bd7 12. Nf2 b5 13. cxb5 cxb5 14. 0-0 a4 15. Na2 Rc8 16. Bb4 Bc5 17. h3 Bc6 18. Rc1 Qb6 19. Qe1 0-0 20. Bd1 Rfe8 21. Kh2 Bb7 22. Rc3 d5 23. Ng4 Nxg4+ 24. Bxg4 f6 25. Bh5 Red8 26. Bf3 dxe4 27. Bxe4 Nb3 28. Bxc5 Rxc5 29. Qf2 Nd4 30. Bxb7 Rxc3 31. bxc3 Qxb7 32. cxd4 Rxd4 33. Nb4 Rd7 34. Rc1 e4 35. dxe4 Qxe4 36. Re1 Qa8 37. Re3 Qb8+ 38. Qg3 Qc8 39. Re6 Kh8 40. h4 Rd4 41. Nc6 Rd7 42. Ne7 Qd8 43. Ng6+ Kg8 44. Nf4 Rd4 45. Qe3 Kf7 46. Ng6 Rd7 47. Qb6 Qxb6 48. Rxb6 Rd5 49. Rb7+ Ke8 50. Rxg7 Rxf5 51. Re7+ Kd8 52. Re3 Kc7 53. Ne7 Rc5 54. Ng8 Kb6 55. Nxf6 Rc4 56. Kh3 Ka5 57. Nd5 Rd4 58. Nc3 Rc4 59. g4 b4 60. axb4+ Kxb4 61. Na2+ Kc5 62. g5 hxg5 63. hxg5 Kd4 64. Ra3 Ke5 65. g6 Kf6 66. Rg3 Kg7 67. Nc3 a3 68. Na2 Ra4 69. Kg2 Ra6 70. Kf2 Rxg6 71. Rxa3 Rg4 72. Nc3 Kf7 73. Kf3 Rh4 74. Ne4 Ke6 75. Ra5 Kd7 76. Ra6 Kc7 77. Ke3 Kb7 78. Rg6 Rh1 79. Kd4 Rd1+ 80. Kc4 Rc1+ 81. Nc3 Rc2 82. Kb4 Rb2+ 83. Ka5 Kc7 84. Nb5+ Kd7 85. Kb6 Ke7 86. Kc5 Kf7 87. Ra6 Rc2+ 88. Kd5 Rd2+ 89. Nd4 Rd1 90. Ke5 Re1+ 91. Kf4 Rf1+ 92. Nf3 Rf2 93. Ke4 Re2+ 94. Kf5 Ke7 95. Nd4 Re1 96. Nf3 Rf1 97. Ke4 Rd1 98. Ke5 Kd7 99. Nd4 Re1+ 100. Kd5 Ke7 101. Nf3 Rd1+ 102. Ke5 Kd7 103. Ng5 Re1+ 104. Ne4 Rd1 105. Nf6+ Kc7 106. Nd5+ Kb7 107. Rb6+ Ka7 108. Rb2 Rh1 109. Kd6 Rh6+ 110. Kc5 Rg6 111. Ne7 1/2-1/2

[Event "Wloclawek CC Classic 12th"]
[Site "Wloclawek"]
[Date "2015.??.??"]
[Round "2"]
[White "Milecki, Robert"]
[Black "Lapinski, Jerzy"]
[Result "0-1"]
[WhiteElo "1409"]
[BlackElo "1800"]
[PlyCount "88"]
[EventDate "2015.03.??"]
[EventType "swiss"]
[EventRounds "7"]
[EventCountry "POL"]
[SourceTitle "EXT 2021"]
[Source "ChessBase"]
[SourceDate "2020.10.23"]
[SourceVersion "1"]
[SourceVersionDate "2020.10.23"]
[SourceQuality "1"]

1. e4 c5 2. Nf3 d6 3. d4 cxd4 4. Nxd4 Nf6 5. Nc3 a6 6. f3 b5 7. Be3 g6 8. Qd2 Bg7 9. 0-0-0 Bd7 10. Kb1 Nc6 11. Nxc6 Bxc6 12. Bd4 Qa5 13. Qf2 b4 14. Ne2 Qc7 15. g4 Rc8 16. Ng3 0-0 17. Bxa6 Ra8 18. Bb6 Qb8 19. Bc4 Nd7 20. Bd4 Ne5 21. Bb3 Ba4 22. Bd5 Rc8 23. b3 Bc6 24. h3 Ra6 25. f4 Nd7 26. Bc4 Bb5 27. Bxb5 Qxb5 28. Bxg7 Kxg7 29. Rd5 Qc6 30. Qd4+ e5 31. Qb2 Rca8 32. fxe5 Nxe5 33. Ne2 Rxa2 34. Qxa2 Rxa2 35. Kxa2 Qxc2+ 36. Ka1 Qxe2 37. Rhd1 Qxe4 38. Rxd6 Qc2 39. R1d5 Qc1+ 40. Ka2 Qe3 41. Kb1 Qxb3+ 42. Kc1 Nc4 43. Rd8 Qc3+ 44. Kd1 Ne3+ 0-1

[Event "Wloclawek CC Classic 12th"]
[Site "Wloclawek"]
[Date "2015.??.??"]
[Round "6"]
[White "Milecki, Robert"]
[Black "Rafalski, Kacper"]
[Result "1-0"]
[WhiteElo "1409"]
[BlackElo "1335"]
[PlyCount "69"]
[EventDate "2015.03.??"]
[EventType "swiss"]
[EventRounds "7"]
[EventCountry "POL"]
[SourceTitle "EXT 2021"]
[Source "ChessBase"]
[SourceDate "2020.10.23"]
[SourceVersion "1"]
[SourceVersionDate "2020.10.23"]
[SourceQuality "1"]

1. e4 c5 2. Nf3 d6 3. d4 cxd4 4. Nxd4 Nf6 5. Nc3 a6 6. f3 e6 7. Be3 Be7 8. Qd2 Nc6 9. 0-0-0 0-0 10. g4 Nxd4 11. Bxd4 e5 12. Be3 b5 13. h4 b4 14. Na4 Nxg4 15. fxg4 Bxg4 16. Be2 Bxe2 17. Qxe2 g6 18. Qd2 f5 19. Qd5+ Kh8 20. Bh6 Re8 21. exf5 gxf5 22. Qf7 Bf6 23. Rdg1 Qe7 24. Qh5 Qe6 25. Bg5 Rg8 26. b3 f4 27. Nb6 Raf8 28. Qg4 Qf7 29. Nd7 Bxg5 30. Nxf8 Rxf8 31. hxg5 Qg6 32. Rh6 Qe4 33. Rgh1 d5 34. g6 Qe3+ 35. Kb1 1-0

[Event "Wloclawek-ch"]
[Site "Wloclawek"]
[Date "2014.??.??"]
[Round "6"]
[White "Milecki, Robert"]
[Black "Grochowalski, Pawel"]
[Result "0-1"]
[WhiteElo "1409"]
[BlackElo "2070"]
[PlyCount "102"]
[EventDate "2014.09.??"]
[EventType "swiss"]
[EventRounds "9"]
[EventCountry "POL"]
[SourceTitle "EXT 2021"]
[Source "ChessBase"]
[SourceDate "2020.10.23"]
[SourceVersion "1"]
[SourceVersionDate "2020.10.23"]
[SourceQuality "1"]

1. e4 d5 2. exd5 Qxd5 3. Nc3 Qd6 4. Bc4 c6 5. Qf3 Nf6 6. h3 Be6 7. Bxe6 Qxe6+ 8. Nge2 Nbd7 9. d4 Nd5 10. Nxd5 Qxd5 11. Qxd5 cxd5 12. Bf4 e6 13. 0-0 Be7 14. Rfc1 Rc8 15. a4 f6 16. Nc3 a6 17. a5 Kf7 18. Be3 g5 19. Ne2 Rhg8 20. b3 f5 21. c4 Nf6 22. c5 h5 23. b4 Nd7 24. Rab1 f4 25. Bd2 e5 26. dxe5 Nxe5 27. Bc3 Bf6 28. Nd4 g4 29. hxg4 Rxg4 30. f3 Rg6 31. Nf5 Rcg8 32. Nd6+ Ke6 33. Bxe5 Rxg2+ 34. Kh1 Bxe5 35. Nxb7 R2g3 36. Rc2 Rxf3 37. c6 Rh3+ 38. Rh2 Rxh2+ 39. Kxh2 f3+ 40. Kh1 Bd4 41. c7 f2 42. Kh2 Kd7 43. Rc1 Be3 44. Nc5+ Bxc5 45. c8Q+ Rxc8 46. bxc5 Rxc5 47. Rd1 Kd6 48. Kg2 Rc2 49. Rd4 Rc4 50. Rd2 Rf4 51. Rb2 f1Q+ 0-1